000 00524nam a2200169 i 4500
001 43700
003 ES-MaACL
005 20230906160848.0
007 t|
008 030318s1978 sp ||||1| spa d
100 1 _aCervera Vera, Luis.
_937646
245 1 3 _aLa edición vitruviana de Cesare Cesariano /
_cLuis Cervera Vera.
260 _aMadrid :
_b[s.n.,
_c1978]
300 _a76 h. :
_bil. ;
_c25 cm.
500 _aEs separata de: Academia, 1978, 2º semestre, nº 47, p. 31-181.
852 _aES-MaACL
_jL-2956
_bR.103470
999 _c43700
_d43700